[Event "Minsk Inautomarket op"]
[Site "Minsk"]
[Date "2006.07.13"]
[Round "4"]
[White "Andreikin, Dmitry"]
[Black "Doukhine, Iokhan"]
[Result "1-0"]
[WhiteElo "2503"]
[BlackElo "2332"]
[PlyCount "67"]
[EventDate "2006.07.10"]
[EventType "swiss"]
[EventRounds "9"]
[EventCountry "BLR"]
[SourceTitle "CBM 113 Extra"]
[Source "ChessBase"]
[SourceDate "2006.09.14"]
[SourceVersion "1"]
[SourceVersionDate "2006.09.14"]
[SourceQuality "1"]

1. e4 c5 2. Nf3 d6 3. Bb5+ Nc6 4. 0-0 Bd7 5. c3 Nf6 6. Re1 a6 7. Bf1 Bg4 8. d3 e6 9. Nbd2 d5 10. h3 Bh5 11. g4 Bg6 12. Nh4 dxe4 13. dxe4 Qc7 14. Qe2 Be7 15. Nxg6 hxg6 16. e5 Nd5 17. Nf3 Rd8 18. Bd2 Na5 19. c4 Nb4 20. Bc3 b6 21. b3 Nd3 22. Red1 Nf4 23. Qe4 Nxh3+ 24. Bxh3 Rxh3 25. Rxd8+ Bxd8 26. Bxa5 bxa5 27. Rd1 Qc8 28. Rd6 Rh8 29. Kg2 Be7 30. Rb6 Rh6 31. Rb7 Bd8 32. Ra7 Rh8 33. Ng5 Rf8 34. a4 1-0

[Event "Minsk Inautomarket op"]
[Site "Minsk"]
[Date "2006.07.11"]
[Round "2"]
[White "Zhigalko, Sergei"]
[Black "Doukhine, Iokhan"]
[Result "0-1"]
[WhiteElo "2487"]
[BlackElo "2332"]
[PlyCount "114"]
[EventDate "2006.07.10"]
[EventType "swiss"]
[EventRounds "9"]
[EventCountry "BLR"]
[SourceTitle "CBM 113 Extra"]
[Source "ChessBase"]
[SourceDate "2006.09.14"]
[SourceVersion "1"]
[SourceVersionDate "2006.09.14"]
[SourceQuality "1"]

1. e4 c5 2. Nf3 d6 3. d4 cxd4 4. Qxd4 Nf6 5. Bg5 Nc6 6. Bb5 Bd7 7. Bxc6 Bxc6 8. Nc3 e6 9. 0-0-0 Be7 10. Rhe1 0-0 11. Qd2 h6 12. Bh4 Nxe4 13. Nxe4 Bxh4 14. Nxd6 Bxf3 15. gxf3 Qb6 16. Re4 Bf6 17. Nc4 Qb5 18. Rg1 Kh8 19. Qe3 Rac8 20. Ne5 Bxe5 21. Rxe5 Qc4 22. Qb3 Qf4+ 23. Qe3 Qxh2 24. Re1 a6 25. Kb1 Rfd8 26. f4 Qg2 27. Re4 Qg4 28. f3 Qg2 29. Qb3 Rd2 30. c4 Rcd8 31. a3 R8d7 32. R4e3 Rf2 33. Ka2 Rf1 34. c5 Rxe1 35. Rxe1 Qd2 36. Re4 Qd5 37. Rb4 h5 38. Qxd5 exd5 39. Rb6 h4 40. c6 bxc6 41. Rxc6 d4 42. Rc2 d3 43. Rd2 Kh7 44. Kb1 Kg6 45. Kc1 Kf5 46. Rh2 d2+ 47. Kd1 Kxf4 48. Rxh4+ Kxf3 49. Rh3+ Kg4 50. Rh1 f5 51. Rg1+ Kf3 52. Rf1+ Ke4 53. b4 f4 54. Rf2 f3 55. a4 Ke3 56. Rh2 f2 57. Rh1 Kf3 0-1

[Event "Moscow Aeroflot op-C"]
[Site "Moscow"]
[Date "2006.02.09"]
[Round "3"]
[White "Doukhine, Iokhan"]
[Black "Vuilleumier, Alexandre"]
[Result "1-0"]
[WhiteElo "2332"]
[BlackElo "2354"]
[PlyCount "71"]
[EventDate "2006.02.07"]
[EventType "swiss"]
[EventRounds "9"]
[EventCountry "RUS"]
[SourceTitle "EXT 2007"]
[Source "ChessBase"]
[SourceDate "2006.11.23"]
[SourceVersion "1"]
[SourceVersionDate "2006.11.23"]
[SourceQuality "1"]

1. e4 c5 2. Nf3 d6 3. d4 cxd4 4. Qxd4 Nc6 5. Bb5 Bd7 6. Bxc6 Bxc6 7. Nc3 Nf6 8. Bg5 h6 9. Bxf6 gxf6 10. 0-0-0 Qa5 11. Kb1 0-0-0 12. Nh4 Qc5 13. f4 Qxd4 14. Rxd4 e6 15. f5 Rg8 16. Rhd1 Kc7 17. g3 Rg4 18. R1d3 b5 19. h3 Rg7 20. Rf3 Be7 21. b4 Rdg8 22. Rdd3 a5 23. a3 axb4 24. axb4 Kd7 25. Kc1 Bb7 26. Rfe3 Rc8 27. Nxb5 Rc4 28. Rc3 Rxe4 29. Rc7+ Kd8 30. Ra3 Bd5 31. Raa7 Bf8 32. fxe6 Rxe6 33. Nf5 Rg8 34. c4 Bc6 35. Rxc6 Re4 36. Nbxd6 1-0

[Event "Pardubice op-A"]
[Site "Pardubice"]
[Date "2005.07.27"]
[Round "6"]
[White "Pitschka, Claus"]
[Black "Doukhine, Iokhan"]
[Result "1-0"]
[WhiteElo "2230"]
[BlackElo "2381"]
[PlyCount "99"]
[EventDate "2005.07.22"]
[EventType "swiss"]
[EventRounds "9"]
[EventCountry "CZE"]
[SourceTitle "CBM 107 Extra"]
[Source "ChessBase"]
[SourceDate "2005.09.01"]
[SourceVersion "1"]
[SourceVersionDate "2005.09.01"]
[SourceQuality "1"]

1. d4 d5 2. Nf3 Nf6 3. Bg5 Ne4 4. Bh4 c6 5. Nbd2 Qb6 6. Rb1 Bf5 7. e3 e6 8. Be2 c5 9. dxc5 Bxc5 10. Nxe4 Bxe4 11. 0-0 0-0 12. Bd3 Bxd3 13. Qxd3 Nc6 14. a3 a5 15. c4 Qa6 16. Rbc1 Rac8 17. Rfd1 Be7 18. Bxe7 Nxe7 19. c5 Qxd3 20. Rxd3 a4 21. Rd4 b6 22. Rxa4 bxc5 23. b3 Rfd8 24. Kf1 f6 25. Ra7 Kf7 26. Nd2 g5 27. Ke2 Rd6 28. b4 c4 29. b5 Rb8 30. a4 h6 31. Rb1 Rdb6 32. e4 Ke8 33. exd5 exd5 34. Re1 Re6+ 35. Kd1 Rxe1+ 36. Kxe1 g4 37. Nb1 Kf7 38. Na3 Ke6 39. a5 Nc8 40. Rc7 Nd6 41. b6 Ra8 42. Nc2 d4 43. Nxd4+ Kd5 44. Nc6 Kc5 45. Na7+ Kb4 46. a6 Re8+ 47. Kd1 Ne4 48. Nc6+ Kc3 49. Re7 Nxf2+ 50. Ke2 1-0

[Event "Pardubice op-A"]
[Site "Pardubice"]
[Date "2005.07.26"]
[Round "5"]
[White "Doukhine, Iokhan"]
[Black "Jaracz, Pawel"]
[Result "0-1"]
[WhiteElo "2381"]
[BlackElo "2515"]
[PlyCount "68"]
[EventDate "2005.07.22"]
[EventType "swiss"]
[EventRounds "9"]
[EventCountry "CZE"]
[SourceTitle "CBM 107 Extra"]
[Source "ChessBase"]
[SourceDate "2005.09.01"]
[SourceVersion "1"]
[SourceVersionDate "2005.09.01"]
[SourceQuality "1"]

1. e4 c5 2. Nf3 e6 3. d4 cxd4 4. Nxd4 a6 5. Nc3 d6 6. f4 b5 7. Bd3 Bb7 8. Qf3 Nd7 9. 0-0 Ngf6 10. a3 g6 11. Be3 Bg7 12. Rae1 e5 13. Nb3 exf4 14. Bxf4 0-0 15. Kh1 Ne5 16. Qf2 Nh5 17. Be2 Nxf4 18. Qxf4 Rc8 19. Nd2 Qb6 20. Bd1 Nc4 21. Nxc4 Rxc4 22. Be2 Rc7 23. Bd3 Qc5 24. Nd1 Re7 25. c3 Rfe8 26. Re3 d5 27. e5 Qc7 28. Nf2 Bxe5 29. Qh4 h5 30. Nh3 Qd6 31. Ng5 d4 32. cxd4 Qxd4 33. Qf2 Bg7 34. Rfe1 Bd5 0-1

[Event "Pardubice op-A"]
[Site "Pardubice"]
[Date "2005.07.22"]
[Round "1"]
[White "Doukhine, Iokhan"]
[Black "Lampe, Dirk"]
[Result "0-1"]
[WhiteElo "2381"]
[BlackElo "2212"]
[PlyCount "48"]
[EventDate "2005.07.22"]
[EventType "swiss"]
[EventRounds "9"]
[EventCountry "CZE"]
[SourceTitle "CBM 107 Extra"]
[Source "ChessBase"]
[SourceDate "2005.09.01"]
[SourceVersion "1"]
[SourceVersionDate "2005.09.01"]
[SourceQuality "1"]

1. e4 c5 2. Nf3 Nc6 3. d4 cxd4 4. Nxd4 Nf6 5. Nc3 e5 6. Ndb5 h6 7. Be3 d6 8. Nd5 Nxd5 9. exd5 Ne7 10. c4 Nf5 11. Bd2 Be7 12. Bd3 0-0 13. 0-0 a6 14. Nc3 Bg5 15. Be1 Nh4 16. Kh1 f5 17. g3 Ng6 18. f3 Be3 19. b4 e4 20. Qe2 Bd4 21. fxe4 f4 22. e5 Nxe5 23. Rxf4 Rxf4 24. gxf4 Bg4 0-1

[Event "Minsk Inautomarket op"]
[Site "Minsk"]
[Date "2005.07.18"]
[Round "9"]
[White "Doukhine, Iokhan"]
[Black "Dydyshko, Viacheslav"]
[Result "0-1"]
[WhiteElo "2381"]
[BlackElo "2551"]
[PlyCount "76"]
[EventDate "2005.07.06"]
[EventType "swiss"]
[EventRounds "9"]
[EventCountry "BLR"]
[SourceTitle "CBM 107 Extra"]
[Source "ChessBase"]
[SourceDate "2005.09.01"]
[SourceVersion "1"]
[SourceVersionDate "2005.09.01"]
[SourceQuality "1"]

1. e4 c5 2. Nf3 d6 3. d4 cxd4 4. Qxd4 a6 5. Be3 Nc6 6. Qd2 Nf6 7. Nc3 e6 8. 0-0-0 Be7 9. Bf4 Ng4 10. Bg3 0-0 11. Be2 Nge5 12. Nd4 Nxd4 13. Qxd4 Qa5 14. Kb1 Rd8 15. f4 Nc6 16. Qe3 d5 17. exd5 exd5 18. Be1 d4 19. Qg3 Bf5 20. Ne4 Qd5 21. Nf2 Be6 22. c4 Qd7 23. Rc1 b5 24. Qf3 d3 25. Bxd3 Nd4 26. Qe3 Bc5 27. Qe5 Bb6 28. c5 Bc7 29. Qh5 g6 30. Qg5 f6 31. Qg3 Qd5 32. b3 Nxb3 33. Rc2 Nd4 34. Be4 Qh5 35. Rb2 Rac8 36. Bd2 Ne2 37. Qa3 Bc4 38. Qxa6 Qxc5 0-1

[Event "Minsk Inautomarket op"]
[Site "Minsk"]
[Date "2005.07.15"]
[Round "6"]
[White "Amonatov, Farrukh"]
[Black "Doukhine, Iokhan"]
[Result "1-0"]
[WhiteElo "2584"]
[BlackElo "2381"]
[PlyCount "71"]
[EventDate "2005.07.06"]
[EventType "swiss"]
[EventRounds "9"]
[EventCountry "BLR"]
[SourceTitle "CBM 107 Extra"]
[Source "ChessBase"]
[SourceDate "2005.09.01"]
[SourceVersion "1"]
[SourceVersionDate "2005.09.01"]
[SourceQuality "1"]

1. e4 c5 2. Nf3 d6 3. d4 cxd4 4. Nxd4 Nf6 5. Nc3 Nc6 6. Bc4 Qb6 7. Nb3 e6 8. Qe2 a6 9. Be3 Qc7 10. f4 Be7 11. 0-0-0 b5 12. Bd3 Bb7 13. g4 b4 14. Na4 Nd7 15. Kb1 0-0 16. Qf2 Rab8 17. g5 Rfe8 18. h4 Bf8 19. Nb6 Nxb6 20. Bxb6 Qc8 21. h5 Ba8 22. g6 fxg6 23. hxg6 h6 24. Be3 Be7 25. Qe2 a5 26. f5 Ne5 27. Bxh6 gxh6 28. Rxh6 Bf6 29. Qh5 exf5 30. Rh1 Kf8 31. Rh8+ Ke7 32. Qh7+ Kd8 33. Rxe8+ Kxe8 34. g7 Bxg7 35. Qxg7 Nf7 36. Rh7 1-0

[Event "Minsk Inautomarket op"]
[Site "Minsk"]
[Date "2005.07.13"]
[Round "4"]
[White "Kupreichik, Viktor D"]
[Black "Doukhine, Iokhan"]
[Result "1-0"]
[WhiteElo "2468"]
[BlackElo "2381"]
[PlyCount "93"]
[EventDate "2005.07.06"]
[EventType "swiss"]
[EventRounds "9"]
[EventCountry "BLR"]
[SourceTitle "CBM 107 Extra"]
[Source "ChessBase"]
[SourceDate "2005.09.01"]
[SourceVersion "1"]
[SourceVersionDate "2005.09.01"]
[SourceQuality "1"]

1. e4 c5 2. Nf3 d6 3. d4 cxd4 4. Nxd4 Nf6 5. Nc3 Nc6 6. Bc4 Qb6 7. Nb3 e6 8. Bf4 Ne5 9. Be2 Bd7 10. Be3 Qc7 11. Qd4 a6 12. f4 Ng6 13. Qd2 b5 14. Bf3 Rc8 15. a3 Be7 16. h4 h5 17. g3 Bc6 18. Nd4 Bb7 19. 0-0 Nf8 20. Rae1 N8d7 21. Qf2 g6 22. f5 e5 23. Nb3 gxf5 24. Bg5 Qb6 25. Be3 Qd8 26. exf5 Ng4 27. Bxg4 hxg4 28. f6 Bxf6 29. Nd2 Rxc3 30. bxc3 Qe7 31. Qf5 Qe6 32. Ne4 Bxe4 33. Qxe4 d5 34. Qg2 Ke7 35. Rd1 e4 36. Qd2 Rh5 37. Kg2 Qc6 38. Bd4 Ne5 39. Qf4 Nf3 40. Qxg4 Bxd4 41. Qxh5 Qxc3 42. Rxf3 Qxc2+ 43. Kh3 exf3 44. Rxd4 Qg2+ 45. Kg4 f2 46. Rf4 f6 47. Qf5 1-0

[Event "Serpukhov-A"]
[Site "Serpukhov"]
[Date "2004.09.07"]
[Round "17"]
[White "Doukhine, Iokhan"]
[Black "Iljin, Artem"]
[Result "0-1"]
[WhiteElo "2315"]
[BlackElo "2473"]
[PlyCount "100"]
[EventDate "2004.08.26"]
[EventType "tourn"]
[EventRounds "17"]
[EventCountry "RUS"]
[EventCategory "6"]
[SourceTitle "EXT 2006"]
[Source "ChessBase"]
[SourceDate "2005.11.24"]
[SourceVersion "1"]
[SourceVersionDate "2005.11.24"]
[SourceQuality "1"]

1. e4 c5 2. Nc3 e6 3. f4 Nc6 4. Nf3 Nge7 5. g3 d5 6. Bg2 g6 7. 0-0 dxe4 8. Nxe4 Bg7 9. d3 0-0 10. Rb1 b6 11. a3 a5 12. a4 Bb7 13. Nfd2 Qc7 14. Nc4 Rad8 15. Bd2 Nf5 16. Kh1 Rd7 17. Rc1 Nb4 18. b3 Rfd8 19. Ne5 Bxe5 20. fxe5 Qxe5 21. Bc3 Rd4 22. Qf3 R8d7 23. Qf2 Nd5 24. Bd2 h5 25. Rce1 Qh8 26. Bg5 Qg7 27. Qe2 Rb4 28. Bd2 Kh8 29. Rb1 Nf6 30. Bc3 Rbd4 31. Nxf6 Bxg2+ 32. Qxg2 Qxf6 33. Rbe1 Kh7 34. Bxd4 cxd4 35. Qc6 Qd8 36. Re5 Rc7 37. Qxb6 Qa8+ 38. Re4 Rxc2 39. Kg1 Qd5 40. Qb5 Qxb5 41. axb5 Rc5 42. Ra1 Rxb5 43. Ra3 e5 44. Re2 f6 45. Rc2 Ne3 46. Rc7+ Kh6 47. Ra7 Rc5 48. R7xa5 Rc2 49. Ra2 Rc3 50. Rb2 Rc1+ 0-1

[Event "Serpukhov-A"]
[Site "Serpukhov"]
[Date "2004.09.01"]
[Round "10"]
[White "Doukhine, Iokhan"]
[Black "Zaitsev, Vladimir"]
[Result "0-1"]
[WhiteElo "2315"]
[BlackElo "2408"]
[PlyCount "66"]
[EventDate "2004.08.26"]
[EventType "tourn"]
[EventRounds "17"]
[EventCountry "RUS"]
[EventCategory "6"]
[SourceTitle "EXT 2006"]
[Source "ChessBase"]
[SourceDate "2005.11.24"]
[SourceVersion "1"]
[SourceVersionDate "2005.11.24"]
[SourceQuality "1"]

1. e4 e6 2. d4 d5 3. Nc3 Nf6 4. Bg5 dxe4 5. Nxe4 Be7 6. Bxf6 gxf6 7. Nf3 a6 8. Qd2 b5 9. Qh6 Nd7 10. 0-0-0 Bb7 11. Ng3 Bf8 12. Qh3 Bd5 13. Kb1 c6 14. Ne2 Nb6 15. Nf4 Qc7 16. Qh4 Be7 17. Be2 Nc4 18. Ne1 Qa5 19. Nxd5 cxd5 20. Nd3 Rc8 21. Qf4 Ba3 22. g4 Bxb2 23. Nxb2 Nxb2 24. Qd2 Qa3 25. Qc1 Nc4 26. Bxc4 Qxc1+ 27. Kxc1 Rxc4 28. h4 Ke7 29. f4 Rhc8 30. Rd2 Rc3 31. Rhh2 Rg3 32. Rhg2 Rxg2 33. Rxg2 Rc4 0-1

[Event "Moscow Aeroflot op-B"]
[Site "Moscow"]
[Date "2004.02.21"]
[Round "5"]
[White "Doukhine, Iokhan"]
[Black "Shanava, Konstantine"]
[Result "1-0"]
[WhiteElo "2376"]
[BlackElo "2428"]
[PlyCount "113"]
[EventDate "2004.02.17"]
[EventType "swiss"]
[EventRounds "9"]
[EventCountry "RUS"]
[SourceTitle "EXT 2005"]
[Source "ChessBase"]
[SourceDate "2004.11.15"]
[SourceVersion "1"]
[SourceVersionDate "2004.11.15"]
[SourceQuality "1"]

1. e4 c5 2. Nf3 d6 3. d4 cxd4 4. Qxd4 Nc6 5. Bb5 Bd7 6. Bxc6 Bxc6 7. Nc3 Nf6 8. Bg5 e6 9. 0-0-0 Be7 10. Rhe1 0-0 11. Kb1 Rc8 12. Qxa7 Ra8 13. Qd4 Qa5 14. e5 dxe5 15. Nxe5 Bc5 16. Nxc6 bxc6 17. Qc4 Nd5 18. Bd2 Qa7 19. Ne4 Be7 20. Be3 Qa5 21. Bd2 Qa7 22. Be3 Qa5 23. Bd2 Qc7 24. g3 Rfb8 25. Bf4 Nxf4 26. gxf4 Rb4 27. Qc3 Qa7 28. a3 Rxb2+ 29. Qxb2 Bxa3 30. Qb3 Rb8 31. Re3 h6 32. Rd8+ Rxd8 33. Qxa3 Rd1+ 34. Kb2 Qd4+ 35. Nc3 Rf1 36. Qa8+ Kh7 37. Qxc6 Qb4+ 38. Ka2 Rxf2 39. Ne2 Qa5+ 40. Kb3 Rf1 41. Nc3 Rxf4 42. Re4 Rf5 43. Rb4 Qd8 44. h4 g6 45. Qe4 Qd6 46. Qd4 Qc7 47. Ne4 Rf3+ 48. c3 Qf4 49. Nd2 Qxd4 50. Rxd4 Rh3 51. Kb4 g5 52. hxg5 hxg5 53. c4 Kg6 54. c5 f5 55. c6 Rh8 56. Kc5 Kf6 57. c7 1-0

[Event "RUS-Cup 300 years"]
[Site "St Petersburg"]
[Date "2003.10.24"]
[Round "7"]
[White "Solovjov, Sergey"]
[Black "Doukhine, Iokhan"]
[Result "1-0"]
[WhiteElo "2434"]
[BlackElo "2315"]
[PlyCount "65"]
[EventDate "2003.10.18"]
[EventType "swiss"]
[EventRounds "9"]
[EventCountry "RUS"]
[SourceTitle "EXT 2004"]
[Source "ChessBase"]
[SourceDate "2003.11.25"]
[SourceVersion "1"]
[SourceVersionDate "2003.11.25"]
[SourceQuality "1"]

1. e4 d5 2. exd5 Nf6 3. d4 Nxd5 4. Nf3 g6 5. Be2 Bg7 6. 0-0 0-0 7. c4 Nb6 8. Nc3 Bg4 9. h3 Bxf3 10. Bxf3 c6 11. c5 Nd5 12. Qb3 Qd7 13. Nxd5 cxd5 14. Be3 Nc6 15. Bxd5 Na5 16. Qc3 Qxd5 17. Qxa5 Bxd4 18. Bxd4 Qxd4 19. Qb5 b6 20. c6 Rac8 21. Rac1 Rfd8 22. Rc4 Qd3 23. Rfc1 Rc7 24. Qe5 Qd6 25. Qc3 Rdc8 26. b4 a6 27. a4 b5 28. axb5 axb5 29. Rc5 h5 30. Qf3 Kg7 31. R1c3 h4 32. Rc1 Qe6 33. Qd3 1-0

[Event "RUS-Cup 300 years"]
[Site "St Petersburg"]
[Date "2003.10.23"]
[Round "6"]
[White "Doukhine, Iokhan"]
[Black "Kosintseva, Tatiana"]
[Result "0-1"]
[WhiteElo "2315"]
[BlackElo "2449"]
[PlyCount "136"]
[EventDate "2003.10.18"]
[EventType "swiss"]
[EventRounds "9"]
[EventCountry "RUS"]
[SourceTitle "EXT 2004"]
[Source "ChessBase"]
[SourceDate "2003.11.25"]
[SourceVersion "1"]
[SourceVersionDate "2003.11.25"]
[SourceQuality "1"]

1. e4 c5 2. Nf3 d6 3. d4 cxd4 4. Qxd4 a6 5. Be3 Nf6 6. Nc3 Nbd7 7. 0-0-0 e6 8. e5 dxe5 9. Nxe5 Be7 10. Bg5 0-0 11. Qa4 Qe8 12. Bxf6 Nxf6 13. Bb5 axb5 14. Qxa8 b4 15. Ne2 Qb5 16. Nd3 e5 17. Qb8 Bg4 18. Qxe5 Qxe5 19. Nxe5 Bxe2 20. Rde1 Bb5 21. Ng6 hxg6 22. Rxe7 Bc6 23. f3 Ra8 24. Rd1 Kf8 25. Re5 Rxa2 26. Rd8+ Ne8 27. Kb1 Ra6 28. b3 f6 29. Rc5 Ke7 30. Rd4 Rb6 31. Rcc4 Nc7 32. Rxb4 Ra6 33. Rd2 Nb5 34. Kb2 Ra8 35. Rg4 Kf7 36. c4 Nc7 37. Rgd4 Ne6 38. Rd6 g5 39. h3 Ke7 40. R6d3 Rc8 41. Re3 Kf7 42. Kc3 Ra8 43. Re1 Nc5 44. Red1 Kg6 45. Rd6 Kf7 46. R6d2 Ne6 47. Re1 Nf4 48. Kb4 Rc8 49. Ka5 Ne6 50. Kb4 Nf8 51. Red1 Ng6 52. Ka5 Ra8+ 53. Kb4 Re8 54. Ka5 Nf4 55. Kb6 Ra8 56. Kc5 Ra5+ 57. Kd4 Nxg2 58. Rxg2 Bxf3 59. Rgg1 Bxd1 60. Rxd1 Ke6 61. Rd3 Re5 62. b4 f5 63. Ra3 Re4+ 64. Kc5 f4 65. b5 b6+ 66. Kb4 Kf5 67. Ra7 Re6 68. Rf7+ Kg6 0-1

[Event "RUS-Cup 300 years"]
[Site "St Petersburg"]
[Date "2003.10.21"]
[Round "4"]
[White "Doukhine, Iokhan"]
[Black "Yandemirov, Valeri"]
[Result "1/2-1/2"]
[WhiteElo "2315"]
[BlackElo "2483"]
[PlyCount "33"]
[EventDate "2003.10.18"]
[EventType "swiss"]
[EventRounds "9"]
[EventCountry "RUS"]
[SourceTitle "EXT 2004"]
[Source "ChessBase"]
[SourceDate "2003.11.25"]
[SourceVersion "1"]
[SourceVersionDate "2003.11.25"]
[SourceQuality "1"]

1. e4 e5 2. Nf3 Nc6 3. d4 exd4 4. Nxd4 Bb4+ 5. c3 Bc5 6. Be3 Bb6 7. Bc4 Nge7 8. Nc2 0-0 9. 0-0 d6 10. Nd2 Be6 11. Bb3 Bxb3 12. axb3 Bxe3 13. Nxe3 f5 14. exf5 Nxf5 15. Nxf5 Rxf5 16. b4 a6 17. Qc2 1/2-1/2

[Event "RUS-Cup 300 years"]
[Site "St Petersburg"]
[Date "2003.10.20"]
[Round "3"]
[White "Maiorov, Nikita"]
[Black "Doukhine, Iokhan"]
[Result "0-1"]
[WhiteElo "2415"]
[BlackElo "2315"]
[PlyCount "84"]
[EventDate "2003.10.18"]
[EventType "swiss"]
[EventRounds "9"]
[EventCountry "RUS"]
[SourceTitle "EXT 2004"]
[Source "ChessBase"]
[SourceDate "2003.11.25"]
[SourceVersion "1"]
[SourceVersionDate "2003.11.25"]
[SourceQuality "1"]

1. d4 d5 2. c4 c6 3. Nc3 Nf6 4. e3 a6 5. Qc2 b5 6. b3 Bg4 7. Nge2 Nbd7 8. h3 Bh5 9. Nf4 Bg6 10. Nxg6 hxg6 11. Be2 e6 12. g3 Bd6 13. Kf1 0-0 14. Kg2 Qe7 15. Bb2 Rfd8 16. Rhd1 Rac8 17. a4 b4 18. Nb1 a5 19. Nd2 e5 20. dxe5 Bxe5 21. Bxe5 Qxe5 22. Rac1 Nc5 23. Nf3 Qb8 24. Bd3 Nfe4 25. Nd4 Nc3 26. Rd2 Nxd3 27. Qxd3 c5 28. Nf3 Qa8 29. Rcc2 d4 30. exd4 Rxd4 31. Rxc3 bxc3 32. Qxc3 Rxd2 33. Qxd2 Rb8 34. Qc3 Qe4 35. Kh2 f6 36. Nd2 Qe1 37. Qe3 Qxe3 38. fxe3 f5 39. Kg2 Rd8 40. Nf3 Rd3 41. Ne5 Rxb3 42. Nc6 Ra3 0-1

[Event "RUS-ch U20"]
[Site "Essentuki"]
[Date "2003.03.11"]
[Round "9"]
[White "Doukhine, Iokhan"]
[Black "Dudukin, Ilya"]
[Result "1/2-1/2"]
[WhiteElo "2357"]
[BlackElo "2333"]
[PlyCount "33"]
[EventDate "2003.03.02"]
[EventType "swiss"]
[EventRounds "11"]
[EventCountry "RUS"]
[SourceTitle "CBM 093 Extra"]
[Source "ChessBase"]
[SourceDate "2003.05.09"]
[SourceVersion "1"]
[SourceVersionDate "2003.05.09"]
[SourceQuality "1"]

1. e4 c5 2. Nf3 Nf6 3. Nc3 d5 4. Bb5+ Bd7 5. Qe2 d4 6. Bxd7+ Nfxd7 7. Nb1 e5 8. 0-0 Be7 9. d3 0-0 10. a4 Nc6 11. Na3 a6 12. Bd2 Rb8 13. c3 b5 14. axb5 axb5 15. Rfc1 Qb6 16. c4 b4 17. Nb5 1/2-1/2

[Event "RUS-ch U20"]
[Site "Essentuki"]
[Date "2003.03.09"]
[Round "7"]
[White "Rodchenkov, Vitaly"]
[Black "Doukhine, Iokhan"]
[Result "1/2-1/2"]
[WhiteElo "2417"]
[BlackElo "2357"]
[PlyCount "71"]
[EventDate "2003.03.02"]
[EventType "swiss"]
[EventRounds "11"]
[EventCountry "RUS"]
[SourceTitle "CBM 093 Extra"]
[Source "ChessBase"]
[SourceDate "2003.05.09"]
[SourceVersion "1"]
[SourceVersionDate "2003.05.09"]
[SourceQuality "1"]

1. e4 d5 2. exd5 Nf6 3. d4 Nxd5 4. Nf3 g6 5. c4 Nb6 6. c5 Nd5 7. Nc3 Bg7 8. Bc4 c6 9. 0-0 0-0 10. Qb3 Nxc3 11. bxc3 b5 12. cxb6 axb6 13. Ng5 e6 14. Bf4 Ba6 15. Bxa6 Rxa6 16. Nf3 Nd7 17. Rfe1 Qa8 18. Re2 Ra4 19. Bd6 Re8 20. Rae1 h6 21. h4 Qa5 22. h5 gxh5 23. Bb4 Qa6 24. Rxe6 fxe6 25. Rxe6 Rxe6 26. Qxe6+ Kh7 27. Qxd7 Rxa2 28. Qf5+ Kg8 29. Qe6+ Kh7 30. Qf5+ Kg8 31. Qe6+ Kh7 32. Qe4+ Kg8 33. Qxc6 Qe2 34. Qc8+ Kh7 35. Qf5+ Kg8 36. Qc8+ 1/2-1/2

[Event "Samara op"]
[Site "Samara"]
[Date "2003.??.??"]
[Round "5"]
[White "Doukhine, Iokhan"]
[Black "Frolov, Denis"]
[Result "0-1"]
[WhiteElo "2357"]
[BlackElo "2423"]
[PlyCount "59"]
[EventDate "2003.??.??"]
[EventType "swiss"]
[EventRounds "9"]
[EventCountry "RUS"]
[SourceTitle "EXT 2005"]
[Source "ChessBase"]
[SourceDate "2004.11.15"]
[SourceVersion "1"]
[SourceVersionDate "2004.11.15"]
[SourceQuality "1"]

1. e4 e5 2. Nf3 Nc6 3. d4 exd4 4. Nxd4 Nf6 5. Nxc6 bxc6 6. e5 Qe7 7. Qe2 Nd5 8. c4 Ba6 9. g3 0-0-0 10. b3 g5 11. Ba3 Nb4 12. Bb2 Bg7 13. Bh3 Rhe8 14. 0-0 c5 15. Re1 Bb7 16. Bf5 Nc6 17. Be4 Nxe5 18. Nd2 d6 19. f4 gxf4 20. gxf4 Bh6 21. Rad1 Rg8+ 22. Kh1 Nc6 23. Qf3 Qd7 24. Qh5 Bxf4 25. Nf3 Kb8 26. Qxh7 Rde8 27. Bd5 Nb4 28. Bxb7 Kxb7 29. Rxe8 Rxe8 30. Qh5 0-1

[Event "RUS-ch U20"]
[Site "Vladimir"]
[Date "2002.03.04"]
[Round "4"]
[White "Doukhine, Iokhan"]
[Black "Kosintseva, Nadezhda"]
[Result "0-1"]
[WhiteElo "2299"]
[BlackElo "2340"]
[PlyCount "68"]
[EventDate "2002.03.01"]
[EventType "swiss"]
[EventRounds "11"]
[EventCountry "RUS"]
[SourceTitle "CBM 087 Extra"]
[Source "ChessBase"]
[SourceDate "2002.05.03"]
[SourceVersion "2"]
[SourceVersionDate "2002.08.09"]
[SourceQuality "1"]

1. e4 c5 2. Nf3 d6 3. d4 cxd4 4. Qxd4 Nc6 5. Bb5 Bd7 6. Bxc6 Bxc6 7. Nc3 Nf6 8. Bg5 e6 9. 0-0-0 Be7 10. Rhe1 0-0 11. Kb1 Rc8 12. e5 dxe5 13. Qxa7 Nd5 14. Nxd5 Bxd5 15. Bxe7 Qxe7 16. Qe3 f6 17. a3 Qc7 18. Re2 b5 19. Ne1 b4 20. axb4 Qc4 21. b3 Qxb4 22. Qd2 Qb5 23. Re3 Ra8 24. f3 Ra3 25. Qd3 Qb6 26. Qc3 Qa6 27. Qb2 Ra8 28. Kc1 Ra2 29. Qc3 Rc8 30. Qb4 Qf1 31. Red3 Qf2 32. Qd2 Qc5 33. b4 Qc4 34. Kb1 Ra1+ 0-1

[Event "Centrocoop op"]
[Site "Eforie Nord"]
[Date "1997.??.??"]
[Round "?"]
[White "Birjukov, Sergey"]
[Black "Doukhine, Iokhan"]
[Result "1-0"]
[WhiteElo "2270"]
[BlackElo "1700"]
[PlyCount "59"]
[EventDate "1997.??.??"]
[EventType "swiss"]
[EventRounds "11"]
[EventCountry "ROU"]
[SourceTitle "EXT 2010"]
[Source "ChessBase"]
[SourceDate "2010.11.25"]
[SourceVersion "1"]
[SourceVersionDate "2010.11.25"]
[SourceQuality "1"]

1. d4 d5 2. c4 Bf5 3. Nc3 e6 4. cxd5 exd5 5. Bf4 c6 6. e3 Nf6 7. Nge2 Qb6 8. Qd2 Nbd7 9. f3 h5 10. Nc1 Be7 11. Bd3 Be6 12. a3 a5 13. 0-0 0-0 14. Kh1 c5 15. N1e2 Rfd8 16. Rad1 Rac8 17. Bb1 Qa6 18. h3 b5 19. a4 b4 20. Nb5 c4 21. Bc7 Re8 22. e4 Nb6 23. e5 Nxa4 24. exf6 Qxb5 25. fxg7 Kxg7 26. Be5+ f6 27. Qg5+ Kf8 28. Qh6+ Kg8 29. Nf4 fxe5 30. Qh7+ 1-0